Biblioteca

Ora por trabajadores : (Registro nro. 50960)

Detalles MARC
000 -LÍDER
Campo fijo de descripción fija 006580000a22001930004500
001 - NÚMERO DE CONTROL
Campo de control 768714001
003 - IDENTIFICADOR DEL NÚMERO DE CONTROL
Campo de control CO-MdFUSB
005 - FECHA Y HORA DE LA ULTIMA TRANSACCIÓN
control field 20170613162830.0
008 - ELEMENTOS DE LONGITUD FIJA -- INFORMACIÓN GENERAL
Campo fijo de descripción fija -- Información general 170613s1997 xxu||||| |||| 00| 0 spa d
040 ## - FUENTE DE CATALOGACIÓN
Agencia Catalogadora CO-MdFUSB
Idioma de catalogación spa
Agencia que realiza la transcripción CO-MdFUSB
Agencia que realiza la modificación CO-MdFUSB
041 ## - CÓDIGO DE IDIOMA
Código de idioma para texto/pista de sonido o título separado spa
100 1# - ASIENTO PRINCIPAL--NOMBRE PERSONAL
Nombre personal Hintze, Otto (1861-1940)
Término relacionador autor
245 10 - TÍTULO
Título Ora por trabajadores :
Subtitulo "rogad, por tanto al Señor de la míes que envíe obreros a su míes" Lucas 10:2
300 ## - DESCRIPCIÓN FÍSICA
Extensión Número 8 (1998), Páginas 30-31
Dimensiones 28 cm.
546 ## - NOTA DE IDIOMA
Nota de idioma Texto en español
700 1# - ENTR. SECUNDARIA - Nombre Personal (R)
Nombre de persona Kaerma, Algur
773 0# - ASIENTO DE ITEM FUENTE
Título Buenas Noticias
Biblionumber 49455
Itemnumber 60507
Parte(s) relacionada(s) / Volumen., número. (mes año), páginas Número 8 (1998), Páginas 30-31
Enumeración y primera página Página 30
942 ## - TIPO DE MATERIAL (KOHA)
Tipo de Item KOHA Artículos de Revista
Existencias
Expurgo - (Retirado) Estado de Perdido Estado de Dañado No prestable Colección Ubicación habitual Ubicación actual Fecha de Adquisición Signatura Topográfica Tipo de Material
        Colección de Hemeroteca Biblioteca FUSBC Biblioteca FUSBC 26/01/2016 Artículos de Revista

Biblioteca FUSBC | Teléfono: (57+4) 349 88 10 Ext. 141| WhatsApp (+57) 3005338115 
E-mail: biblioteca@unisbc.edu.co | Calle 76 87-14 Robledo Palenque, Medellín, Colombia

Con tecnología Koha